• 首页
  • 本馆介绍
  • 公告通知
  • 最新文献
  • 馆藏检索
  • 电子资源
  • 读者导购
  • 参考咨询
  • 我的图书馆
  • 登录
  • 详细信息显示
  • 放入我的书架
  • 预约/预借图书
  • 作者相关作品
  • 分类相关作品
  • 丛书相关作品
  • 出版社相关作品

书目信息

  • 表格格式
  • 工作单格式
  • 卡片格式
题名:
生产力经济理论研究
    
 
作者: 薛永应 , 徐则林 著
分册:  
出版信息: 太原   山西经济出版社  2001
页数: 440页
开本: 20cm
丛书名:
单 册:
中图分类: F014.1
科图分类:
主题词: 生产力经济学--理论--研究
电子资源:
ISBN: 7-80636-494-3
000 00613nam0 2200205 45
001 0401241309
005 20040124231010.9
010    @a7-80636-494-3@dCNY26.00
100    @a20040124d2001 km y0chiy0120 ea
101 0  @achi
105    @a z 000yy
200 1  @a生产力经济理论研究@ASheng Chan Li Jing Ji Li Lun Yan Jiu@f薛永应,徐则林著@FXue Yong Ying,Xu Ze Lin Zhu
210    @a太原@c山西经济出版社@d2001
215    @a440页@d20cm
606 0  @a生产力经济学@x理论@x研究
690    @aF014.1@v4
701  0 @a薛永应@4著
701  0 @a徐则林@4著
801    @aCN@bTSTCL@c20040124
905    @b332190-194@dF014.1@e175@f5
    
    生产力经济理论研究/薛永应,徐则林著.-太原:山西经济出版社,2001
    440页;20cm
    
    
    ISBN 7-80636-494-3:CNY26.00
    
●
相关链接 在E读中查询图书 在五车中查询图书 在当当中查询图书 在豆瓣中查询图书


正题名:生产力经济理论研究     索取号:F014.1/175         预约/预借

序号 登录号 条形码 馆藏地/架位号 状态 备注
1 0332190   203321903   第一借阅区/ [索取号:F014.1/175] 在馆    
2 0332191   203321912   第一借阅区/ [索取号:F014.1/175] 在馆    
3 0332192   203321921   第一借阅区/ [索取号:F014.1/175] 在馆    
4 0332193   203321930   第一借阅区/ [索取号:F014.1/175] 在馆    
5 0332194   203321949   第一样本阅览室/ [索取号:F014.1/175] 在馆    
唐山师范学院图书馆 欢迎您!
大连网信软件有限公司© 版权所有